| 000 | 00733nam a2200253Ia 4500 | ||
|---|---|---|---|
| 001 | Z_2790 | ||
| 003 | CHAP | ||
| 008 | 220113s1988 xx 000 0 und d | ||
| 010 | _a165830 | ||
| 040 | _cCHAP | ||
| 082 | _a636.08 A7 1988 | ||
| 111 |
_aAsociación Latinoamericana de Producción Animal. Reunión (23 : 1988 : México, D.F.) _9139859 |
||
| 245 |
_aMemorias / _cpor ALPA |
||
| 260 |
_aMéxico, D. F. : _bLa Asociación, _c1988 |
||
| 300 | _a102 p. | ||
| 650 |
_aGanadería _xCongresos I. Reunión Latinoamericana de Producción Animal II. t. _9139860 |
||
| 650 |
_aGanado _xProducción _xCongresos _944947 |
||
| 901 | _a636.08 A7 1988 | ||
| 902 | _aM | ||
| 910 | _a1988 | ||
| 942 | _c1 | ||
| 942 | _cc1 | ||
| 999 |
_c165830 _d165830 |
||